| 000 | 00782nam a2200217Ia 4500 | ||
|---|---|---|---|
| 003 | GCL | ||
| 008 | 140319s9999 xx 000 0 ara d | ||
| 040 |
_aGCL / _cGCL |
||
| 082 | 0 | 4 |
_aد _b330.05 _bم ت |
| 100 | 1 | _aمركز الدراسات السياسية والاستراتيجية | |
| 245 | 1 | 0 |
_aالتقرير الاستيراتيجى العربى 1992 - 1993 / _cمركز الدراسات السياسية والاستراتيجية |
| 260 |
_a[S.N] : _bالمركز الاعلامى الكويتى ، _c1993 |
||
| 300 | _aمتعدد الترقيم | ||
| 650 | 0 | 4 | _aمصر |
| 650 | 0 | 4 | _aالاقتصاد |
| 650 | 0 | 4 | _aالسياسة |
| 650 | 0 | 4 | _aالسياسة الخارجية |
| 650 | 0 | 4 | _aالدول العربية |
| 650 | 0 | 4 | _aالصحافة |
| 942 |
_2ddc _cCF |
||
| 999 |
_c27449 _d27449 |
||